009710000a22002410004500090001400000245009700014650002000111650003300131650002400164651009300188653003100281041001300312700002900325700002400354700002500378700002700403700003100430100002400461942001300485773005600498999001700554952015800571 aARb0265310aField techniques for monitoring cotton-top tamarins () in Colombia14aPrimates99293814aTécnicas de muestreo9582614aTransmisores996148 4lEstación experimental de fauna silvestre EL Coloso, Montes de MaríapColombia992749 gSaguinuseSaguinus oedipus0 aInglés1 aGiraldo, Humberto9961491 aBlumer, Evan9961501 aSoto, Luis H.9961511 aBurger, William9938301 aSnowdon, Charles T.9961521 aSavage, Anne921417 cARTICULO1 tAmerican Journal of Primatology3184q189-196d1993 c11715d11715 001040718HEMEROTECAaBogotabBogotad2015-02-27hFuera de circulaciónl0oAR 02653p013066r2015-03-25 00:00:00t1w2015-03-25xDonaciónyARTICULO